LEADER 01039nam0-2200337---450- 001 990009164580403321 005 20100323141437.0 010 $a2-7453-1202-2 035 $a000916458 035 $aFED01000916458 035 $a(Aleph)000916458FED01 035 $a000916458 100 $a20100323d2006----km-y0itay50------ba 101 0 $afre 102 $aFR 105 $ay-------001yy 200 1 $a<>parnasse et le palais$el'oeuvre de Furetière et la genèse du premier dic0tionnaire encyclopédique en langue française (1649-1690)$fMarine Roy-Garibal 210 $aParis$cChampion$d2006 215 $a821 p.$d24 cm 225 1 $aLumière classique$v64 610 0 $aFuretière, Antoine 610 0 $aLingua francese$aSec. 17.$aLessicografia 676 $a443.028 700 1$aRoy-Garibal,$bMarine$0320159 801 0$aIT$bUNINA$gRICA$2UNIMARC 901 $aBK 912 $a990009164580403321 952 $a443.028 ROY 1$bBibl.56434$fFLFBC 959 $aFLFBC 996 $aParnasse et le palais$9780178 997 $aUNINA LEADER 01227nam--2200409---450- 001 990000506450203316 005 20100802111204.0 010 $a88-324-5542-0 035 $a0050645 035 $aUSA010050645 035 $a(ALEPH)000050645USA01 035 $a0050645 100 $a20010613d1995----km-y0itay0103----ba 101 $aita 102 $aIT 105 $a||||||||001yy 200 1 $a<> imprese di ristorazione$easpetti giuridici, organizzativi, contabili e fiscali$fSalvatore Dfammacco 205 $a7. ed. 210 $aMilano$cPirola$d1995 215 $aXII, 348 p.$d24 cm 225 2 $aPirola$iCommercio 300 $aSegue: Appendice 410 $12001$aPirola$iCommercio 606 0 $aRistoranti$xAmministrazione 676 $a657.837 700 1$aDAMMACCO,$bSalvatore$0117177 801 0$aIT$bsalbc$gISBD 912 $a990000506450203316 951 $a657.837 DAM 1 (COLL. PJS 1)$b3328 EC$cCOLL. PJS$d00173625 959 $aBK 969 $aECO 979 $aPATTY$b90$c20010613$lUSA01$h1345 979 $c20020403$lUSA01$h1659 979 $aPATRY$b90$c20040406$lUSA01$h1635 979 $aRSIAV4$b90$c20100802$lUSA01$h1112 996 $aImprese di ristorazione$9887268 997 $aUNISA